[Event "Jubilee Trophy 2024 - Erkenschwick"]
[Site "Erkenschwick"]
[Date "2024.08.09"]
[Round "1"]
[White "Harrison, Falk"]
[Black "Gesing, Felix"]
[Result "0-1"]
[WhiteElo "1712"]
[BlackElo "2061"]
[Annotator "Falk"]
[PlyCount "78"]
[EventDate "2024.??.??"]
[EventCountry "GER"]

{[%evp 0,78,18,33,72,69,61,61,56,53,45,47,42,37,48,39,76,57,80,48,40,41,107,59,
100,88,79,80,123,47,47,0,19,-1,48,67,70,53,77,95,133,133,253,253,257,263,341,
318,403,382,394,342,414,413,518,342,343,343,343,251,266,251,251,253,267,-341,
-341,-351,-332,-399,-401,-932,-364,-457,-450,-29993,-29994,-29997,-29998,
-29999,-30000] Timecontrol: 75 minutes + 30 seconds increment} 1. e4 {[%emt 1:
15:00]} d6 {[%emt 1:15:00]} 2. d4 {[%emt 1:15:00]} Nf6 {[%emt 1:15:00]} 3. Nc3
{[%emt 1:15:00]} Nbd7 {[%emt 1:15:00]} 4. Nf3 {[%emt 1:15:00]} e5 {[%emt 1:15:
00]} 5. Bc4 {[%emt 1:15:00]} Be7 {[%emt 1:15:00]} 6. O-O {[%emt 1:15:00]} c6 {
[%emt 1:15:00]} 7. a4 {[%emt 1:09:00]} Qc7 {[%emt 1:15:00]} 8. Be3 $6 {[%emt 1:
01:00]} (8. Re1 h6 9. h3 g5 (9... Nf8 10. Nh4 $1 g5 11. Nf5 Bxf5 12. exf5 $16)
10. a5 Nf8) 8... h6 {[%emt 1:15:00]} 9. d5 {[%emt 0:56:00]} a5 {[%emt 1:13:00]}
10. Nd2 {[%emt 0:54:00]} g5 {[%emt 1:08:00]} 11. Kh1 {[%emt 0:51:00]} Nf8 {
[%emt 1:05:00]} 12. f3 {[%emt 0:44:00]} Ng6 {[%emt 1:05:00]} 13. Bb3 {[%emt 0:
39:00]} Nf4 {[%emt 0:52:00]} 14. dxc6 $2 {[%emt 0:35:00]} bxc6 {[%emt 0:51:00]}
15. Nc4 {[%emt 0:33:00]} Rb8 {[%emt 0:46:00]} 16. Qd2 {[%emt 0:33:00]} d5 {
[%emt 0:42:00]} 17. exd5 {[%emt 0:28:00]} cxd5 {[%emt 0:20:00]} 18. Na3 {
[%emt 0:20:00]} (18. Nb5 Rxb5 19. axb5 dxc4 20. b6 Qc6 (20... Qb8 21. Bxc4 (21.
Ba4+)) 21. Ba4) 18... d4 {[%emt 0:26:00]} 19. Ncb5 {[%emt 0:19:00]} Qd8 {
[%emt 0:25:00]} 20. Bxf4 {[%emt 0:19:00]} gxf4 {[%emt 0:25:00]} 21. Nc4 {
[%emt 0:19:00]} Bb4 {[%emt 0:24:00]} 22. Qe2 {[%emt 0:18:00]} e4 {[%emt 0:22:
00]} 23. fxe4 {[%emt 0:18:00]} Bg4 {[%emt 0:22:00]} 24. Qd3 {[%emt 0:18:00]} f3
{[%emt 0:20:00]} 25. gxf3 {[%emt 0:17:00]} Bh3 {[%emt 0:20:00]} 26. Rg1 {
[%emt 0:16:00]} Nh5 {[%emt 0:20:00]} 27. Qxd4 {[%emt 0:16:00]} Qxd4 {[%emt 0:
20:00]} 28. Nxd4 {[%emt 0:16:00]} Bc5 {[%emt 0:20:00]} 29. Rgd1 {[%emt 0:16:00]
} Rg8 {[%emt 0:20:00]} 30. Ne3 {[%emt 0:16:00]} Nf4 {[%emt 0:20:00]} 31. Rd2 {
[%emt 0:13:00]} Rb6 {[%emt 0:16:00]} 32. Rg1 {[%emt 0:11:00]} (32. Ndf5 Rbg6
33. Rad1) 32... Rxg1+ {[%emt 0:16:00]} 33. Kxg1 {[%emt 0:11:00]} Bxd4 {[%emt 0:
16:00]} 34. Kf2 {[%emt 0:11:00]} (34. Rxd4 Ne2+) 34... Bc5 {[%emt 0:16:00]} 35.
Rd1 {[%emt 0:11:00]} Ng2 {[%emt 0:16:00]} 36. Rd5 {[%emt 0:11:00]} Bxe3+ {
[%emt 0:16:00]} 37. Kg3 {[%emt 0:11:00]} Rg6+ {[%emt 0:16:00]} 38. Kxh3 {
[%emt 0:11:00]} Nf4+ {[%emt 0:16:00]} 39. Kh4 {[%emt 0:11:00]} Bf2# {[%emt 0:
16:00]} 0-1

[Event "Jubilee Trophy 2024 - Erkenschwick"]
[Site "Erkenschwick"]
[Date "2024.08.10"]
[Round "2"]
[White "Walker, Julia"]
[Black "Harrison, Falk"]
[Result "1-0"]
[WhiteElo "1836"]
[BlackElo "1712"]
[Annotator "Falk"]
[PlyCount "73"]
[EventDate "2024.??.??"]
[EventCountry "GER"]

{[%evp 0,73,19,38,40,6,19,21,18,9,16,13,22,16,27,31,35,30,26,3,16,7,7,8,8,3,
-10,-2,7,-7,23,23,24,0,-19,-93,31,0,1,-30,-44,-48,-50,-48,-37,-52,-26,-32,-40,
-46,27,-12,-12,-2,40,-190,37,130,276,218,1180,1324,1288,189,575,451,732,616,
630,447,775,900,29997,29998,29999,-30000] Timecontrol: 75 minutes + 30 seconds
increment} 1. e4 {[%emt 1:15:00]} c5 {[%emt 1:10:00] I arrived late to the
round.} 2. c3 {[%emt 1:15:00]} Nf6 {[%emt 1:10:00]} 3. e5 {[%emt 1:15:00]} Nd5
{[%emt 1:10:00]} 4. d4 {[%emt 1:15:00]} cxd4 {[%emt 1:10:00]} 5. Nf3 {[%emt 1:
15:00]} Nc6 {[%emt 1:10:00]} 6. cxd4 {[%emt 1:15:00]} d6 {[%emt 1:10:00]} 7.
Bc4 {[%emt 1:15:00]} Nb6 {[%emt 1:10:00]} 8. Bb5 {[%emt 1:15:00]} dxe5 {
[%emt 1:10:00]} 9. Nxe5 {[%emt 1:15:00]} Bd7 {[%emt 1:10:00]} 10. Nxd7 {
[%emt 1:15:00]} Qxd7 {[%emt 1:10:00]} 11. Nc3 {[%emt 1:15:00]} Rd8 {[%emt 1:10:
00]} 12. Be3 {[%emt 1:09:00]} e6 {[%emt 1:05:00] took a short break, since I
had just arrived.} 13. O-O {[%emt 1:08:00]} Be7 {[%emt 1:04:00]} 14. Qg4 {
[%emt 1:07:00]} g6 {[%emt 0:58:00]} 15. Bh6 {[%emt 0:49:00]} f5 {[%emt 0:49:00]
} 16. Qe2 {[%emt 0:39:00]} Kf7 {[%emt 0:47:00]} 17. Rfe1 {[%emt 0:37:00]} Bf6 {
[%emt 0:37:00]} (17... Nxd4 18. Qe5 Bf6 19. Bxd7 Bxe5 20. Bxe6+ Kxe6) 18. Rad1
{[%emt 0:30:00]} Rhe8 {[%emt 0:36:00]} 19. Bxc6 {[%emt 0:27:00]} Qxc6 {[%emt 0:
34:00]} 20. Be3 {[%emt 0:12:00]} a6 {[%emt 0:30:00]} 21. Rd3 {[%emt 0:09:00]}
Nd5 {[%emt 0:27:00]} 22. Nxd5 {[%emt 0:09:00]} Rxd5 {[%emt 0:25:00]} (22...
Qxd5) 23. Rc1 {[%emt 0:09:00]} Qb5 {[%emt 0:19:00]} 24. Qd2 {[%emt 0:05:00]} (
24. Rc5) 24... Rd7 {[%emt 0:14:00]} (24... Qd7) 25. Rc5 {[%emt 0:04:00]} Qb6 {
[%emt 0:11:00]} 26. d5 {[%emt 0:03:00]} e5 {[%emt 0:11:00]} 27. d6 {[%emt 0:02:
00]} Qd8 {[%emt 0:11:00]} (27... f4) 28. Rc7 {[%emt 0:02:00]} Ke6 {[%emt 0:05:
00]} (28... Re6) 29. Qc2 {[%emt 0:01:00]} Rxd6 {[%emt 0:05:00]} 30. Qc4+ {
[%emt 0:01:00]} Rd5 {[%emt 0:05:00]} 31. Bb6 {[%emt 0:01:00]} Qd6 {[%emt 0:05:
00]} 32. Rc5 {[%emt 0:01:00]} (32. Bc5) 32... Ke7 {[%emt 0:05:00]} 33. Rc7+ {
[%emt 0:01:00]} Ke6 {[%emt 0:05:00]} 34. Rc5 {[%emt 0:01:00]} Ke7 {[%emt 0:05:
00]} 35. Rcxd5 {[%emt 0:01:00]} Qxb6 {[%emt 0:05:00]} 36. Rd7+ {[%emt 0:01:00]}
Kf8 {[%emt 0:05:00]} 37. Qf7# {[%emt 0:01:00]} 1-0

[Event "Jubilee Trophy 2024 - Erkenschwick"]
[Site "Oer-Erkenschwick"]
[Date "2024.08.11"]
[Round "4"]
[White "Claussen, Alexander"]
[Black "Harrison, Falk"]
[Result "1/2-1/2"]
[WhiteElo "1526"]
[BlackElo "1712"]
[Annotator "Falk"]
[PlyCount "84"]
[EventDate "2024.??.??"]
[EventCountry "GER"]

{[%evp 0,84,19,-31,-20,-25,23,6,20,4,-7,-13,-20,-24,-9,-4,-14,-23,-38,-59,-50,
-43,-1,-27,10,-13,6,-12,-6,17,21,10,11,9,35,4,37,13,46,46,118,117,134,166,182,
90,186,-37,173,91,280,282,323,254,228,241,219,111,99,108,117,80,83,92,96,91,
109,58,77,69,124,128,130,135,127,132,152,158,157,132,141,122,135,141,142,127,
145] Timecontrol: 75 minutes + 30 seconds increment} 1. b3 {[%emt 1:15:00]} Nf6
{[%emt 1:15:00]} 2. e3 {[%emt 1:15:00]} c5 {[%emt 1:15:00]} 3. Bb2 {[%emt 1:15:
00]} g6 {[%emt 1:15:00]} 4. f4 {[%emt 1:10:00]} Bg7 {[%emt 1:15:00]} 5. Nf3 {
[%emt 1:09:00]} O-O {[%emt 1:15:00]} 6. Be2 {[%emt 1:09:00]} d6 7. O-O {
[%emt 1:09:00]} Nc6 {[%emt 1:14:00]} 8. Bb5 {[%emt 1:09:00]} Bd7 {[%emt 1:14:
00]} 9. Bxc6 {[%emt 1:09:00]} Bxc6 {[%emt 1:14:00]} 10. d3 {[%emt 1:09:00]} (
10. h4) 10... d5 {[%emt 1:08:00]} 11. Qe1 {[%emt 1:09:00]} Qc7 {[%emt 1:07:00]}
(11... d4 12. e4 Ng4) 12. Nbd2 {[%emt 1:09:00]} Rad8 {[%emt 1:06:00]} (12... d4
) 13. Ne5 {[%emt 1:08:00]} d4 {[%emt 1:02:00]} (13... Ng4) 14. e4 {[%emt 1:06:
00]} Nd7 $6 {[%emt 1:02:00]} 15. Nxc6 {[%emt 1:00:00]} Qxc6 {[%emt 1:00:00]}
16. Qh4 {[%emt 0:56:00]} b5 {[%emt 0:52:00]} 17. Rf3 {[%emt 0:48:00]} e5 $5 {
[%emt 0:48:00]} 18. f5 {[%emt 0:48:00]} Nf6 {[%emt 0:47:00]} 19. g4 {[%emt 0:
36:00]} c4 $6 {[%emt 0:37:00]} 20. bxc4 {[%emt 0:36:00]} bxc4 {[%emt 0:37:00]}
21. Nxc4 {[%emt 0:36:00]} Nxe4 {[%emt 0:37:00]} 22. Rh3 {[%emt 0:31:00]} Nf6 {
[%emt 0:34:00]} 23. Bc1 {[%emt 0:31:00]} Rfe8 {[%emt 0:32:00]} 24. Bh6 {
[%emt 0:31:00]} Bh8 {[%emt 0:25:00]} 25. Bg5 {[%emt 0:27:00]} Bg7 {[%emt 0:25:
00]} 26. Bxf6 {[%emt 0:27:00]} Qxf6 {[%emt 0:25:00]} 27. Qxh7+ {[%emt 0:27:00]}
Kf8 {[%emt 0:25:00]} 28. fxg6 {[%emt 0:26:00]} Qxg6 {[%emt 0:25:00]} 29. Qxg6 {
[%emt 0:21:00]} fxg6 {[%emt 0:25:00]} 30. Rf1+ {[%emt 0:20:00]} Kg8 {[%emt 0:
25:00]} 31. Re1 {[%emt 0:15:00]} Re6 {[%emt 0:25:00]} 32. Rf3 {[%emt 0:15:00]}
Rde8 {[%emt 0:25:00]} 33. Kg2 {[%emt 0:14:00]} Ra6 {[%emt 0:25:00]} 34. a3 {
[%emt 0:03:00]} Rc6 {[%emt 0:25:00]} 35. Re4 {[%emt 0:03:00]} a5 {[%emt 0:25:
00]} 36. Rf2 {[%emt 0:03:00]} a4 {[%emt 0:25:00]} 37. g5 {[%emt 0:03:00]} Rce6
{[%emt 0:25:00]} 38. Rfe2 {[%emt 0:03:00]} R8e7 {[%emt 0:25:00]} 39. Rf2 {
[%emt 0:03:00]} Rf7 {[%emt 0:25:00]} 40. Ree2 {[%emt 0:03:00]} Rfe7 {[%emt 0:
25:00]} 41. Re4 {[%emt 0:03:00]} Rf7 {[%emt 0:25:00]} 42. Ree2 {[%emt 0:03:00]}
Rfe7 {[%emt 0:25:00]} 1/2-1/2

[Event "Jubilee Trophy 2024 - Erkenschwick"]
[Site "Oer-Erkenschwick"]
[Date "2024.08.10"]
[Round "3"]
[White "Harrison, Falk"]
[Black "Tiemann, Steffen"]
[Result "1/2-1/2"]
[WhiteElo "1712"]
[BlackElo "1748"]
[Annotator "Falk"]
[PlyCount "112"]
[EventDate "2024.??.??"]
[EventCountry "GER"]

{[%evp 0,112,21,36,40,53,75,76,66,54,61,63,64,40,80,81,90,71,72,80,113,72,77,
88,72,-17,135,121,125,85,77,77,77,109,109,116,116,95,95,15,15,37,13,-12,58,28,
63,53,45,41,60,16,36,42,42,42,40,11,22,9,88,73,107,103,107,108,122,73,108,19,
105,-32,-32,-24,-15,-47,-11,-7,0,0,32,33,31,37,38,37,122,102,135,132,138,135,
148,152,166,169,166,152,146,100,97,96,93,90,95,101,107,48,114,115,115,115,115,
119,114] Timecontrol: 75 minutes + 30 seconds increment} 1. e4 {[%emt 1:15:00]}
d5 {[%emt 1:15:00]} 2. exd5 {[%emt 1:15:00]} Qxd5 {[%emt 1:15:00]} 3. Nc3 {
[%emt 1:15:00]} Qd6 {[%emt 1:15:00]} 4. d4 {[%emt 1:15:00]} Nf6 {[%emt 1:15:00]
} 5. Nf3 {[%emt 1:15:00]} a6 {[%emt 1:15:00]} 6. Be2 {[%emt 1:10:00]} Nbd7 {
[%emt 1:09:00]} 7. O-O {[%emt 1:09:00]} b5 {[%emt 1:08:00]} 8. Re1 {[%emt 1:07:
00]} e6 {[%emt 1:05:00]} 9. Ne5 {[%emt 1:04:00]} Bb7 {[%emt 1:04:00]} 10. Bf4 {
[%emt 1:04:00]} Qb6 {[%emt 1:04:00]} 11. Bf3 {[%emt 1:04:00]} Bd6 {[%emt 1:01:
00]} 12. d5 {[%emt 0:57:00]} Bc5 {[%emt 0:39:00]} 13. Nd3 {[%emt 0:53:00]} O-O
{[%emt 0:36:00]} 14. Nxc5 {[%emt 0:46:00]} Qxc5 {[%emt 0:32:00]} 15. dxe6 {
[%emt 0:42:00]} Bxf3 {[%emt 0:32:00]} 16. exf7+ {[%emt 0:41:00]} Rxf7 {[%emt 0:
31:00]} 17. Qxf3 {[%emt 0:41:00]} Raf8 {[%emt 0:30:00]} 18. Be3 {[%emt 0:40:00]
} Qb4 {[%emt 0:28:00]} 19. Nd5 {[%emt 0:35:00]} Qxb2 {[%emt 0:24:00]} 20. Nxf6+
{[%emt 0:35:00]} Nxf6 {[%emt 0:24:00]} 21. Qd1 {[%emt 0:24:00]} Kh8 {[%emt 0:
20:00]} 22. a4 {[%emt 0:23:00]} Qb4 {[%emt 0:17:00]} 23. axb5 {[%emt 0:21:00]}
axb5 {[%emt 0:17:00]} 24. Rb1 {[%emt 0:21:00]} Qc4 {[%emt 0:15:00]} 25. f3 {
[%emt 0:20:00]} Rd7 {[%emt 0:14:00]} 26. Qe2 {[%emt 0:19:00]} Qxe2 {[%emt 0:13:
00]} 27. Rxe2 {[%emt 0:19:00]} c6 {[%emt 0:13:00]} 28. Bg5 {[%emt 0:19:00]} Nd5
{[%emt 0:11:00]} 29. Re6 {[%emt 0:17:00]} Nc3 {[%emt 0:09:00]} 30. Rb3 {
[%emt 0:15:00]} Nd5 {[%emt 0:06:00]} 31. Rxc6 {[%emt 0:15:00]} h6 {[%emt 0:06:
00]} 32. Be3 {[%emt 0:11:00]} Re8 {[%emt 0:06:00]} 33. Bf2 {[%emt 0:08:00]} Nf4
{[%emt 0:05:00]} 34. Rb1 {[%emt 0:08:00]} Re2 {[%emt 0:05:00]} 35. Rf1 {
[%emt 0:05:00]} Rdd2 {[%emt 0:04:00]} 36. Rc8+ {[%emt 0:04:00]} Kh7 {[%emt 0:
04:00]} 37. Rf8 {[%emt 0:04:00]} Nd5 {[%emt 0:03:00]} (37... b4 38. h4 Nd3 (
38... Nd5 39. Rd8)) 38. Rd8 {[%emt 0:04:00]} b4 {[%emt 0:03:00]} 39. h4 {
[%emt 0:03:00]} Nc3 {[%emt 0:02:00]} 40. Rxd2 {[%emt 0:03:00]} Rxd2 {[%emt 0:
02:00]} 41. Bc5 {[%emt 0:03:00]} (41. Bd4) 41... Ne2+ {[%emt 0:02:00]} 42. Kh2
{[%emt 0:02:00]} Nf4 {[%emt 0:02:00]} 43. Rf2 {[%emt 0:01:00]} Rxf2 {[%emt 0:
01:00]} 44. Bxf2 {[%emt 0:01:00]} Nd5 {[%emt 0:01:00]} 45. Bc5 {[%emt 0:01:00]}
Kg6 {[%emt 0:01:00]} (45... g6 46. g4) 46. g4 {[%emt 0:01:00]} Kf6 {[%emt 0:01:
00]} 47. Bd4+ {[%emt 0:01:00]} Kf7 {[%emt 0:01:00]} 48. Kg3 {[%emt 0:01:00]} g6
{[%emt 0:01:00]} 49. g5 {[%emt 0:01:00]} (49. f4 Ke6 50. Kf3 Kf7) 49... h5 {
[%emt 0:01:00]} 50. f4 {[%emt 0:01:00]} Ke6 {[%emt 0:01:00]} 51. Kf3 {[%emt 0:
01:00]} Kf5 {[%emt 0:01:00]} 52. Be5 {[%emt 0:01:00]} Nb6 {[%emt 0:01:00]} 53.
Bc7 {[%emt 0:01:00]} Nd5 {[%emt 0:01:00]} 54. Bd6 {[%emt 0:01:00]} Ke6 {
[%emt 0:01:00]} 55. Bc5 {[%emt 0:01:00]} Kf5 {[%emt 0:01:00]} 56. Bd6 {[%emt 0:
01:00]} Ke6 {[%emt 0:01:00] draw agreed} 1/2-1/2

[Event "Jubilee Trophy 2024 - Erkenschwick"]
[Site "Oer-Erkenschwick"]
[Date "2024.08.11"]
[Round "5"]
[White "Ubeyd, Pazar"]
[Black "Harrison, Falk"]
[Result "0-1"]
[WhiteElo "1526"]
[BlackElo "1712"]
[Annotator "Falk"]
[PlyCount "144"]
[EventDate "2024.??.??"]
[EventCountry "GER"]

{[%evp 0,84,31,28,16,-16,63,29,76,83,83,46,50,50,58,-1,-1,-47,-18,0,0,-2,41,32,
27,-21,0,-17,-4,-2,-21,-7,5,-5,0,0,4,7,13,-25,23,20,53,17,47,17,5,15,5,8,32,22,
37,20,70,53,49,27,64,-45,-18,0,-4,-23,-13,-36,-26,-27,-31,-69,-31,-22,-25,-48,
0,-69,-78,-46,-49,-37,-28,-46,-36,-24,0,-37,-40] Timecontrol: 75 minutes + 30
seconds increment} 1. d4 {[%emt 1:15:00]} Nf6 {[%emt 1:15:00]} 2. c4 {[%emt 1:
15:00]} g6 {[%emt 1:15:00]} 3. Nc3 {[%emt 1:15:00]} d5 {[%emt 1:15:00]} 4. cxd5
{[%emt 1:15:00]} Nxd5 {[%emt 1:15:00]} 5. e4 {[%emt 1:15:00]} Nxc3 {[%emt 1:15:
00]} 6. bxc3 {[%emt 1:15:00]} Bg7 {[%emt 1:15:00]} 7. Bd3 {[%emt 1:15:00] I
was out of book here.} (7. Bb5+ Bd7) 7... c5 {[%emt 1:17:00]} 8. Bb5+ $2 {
[%emt 1:15:00]} Bd7 {[%emt 1:15:00]} (8... Nc6) 9. Bxd7+ {[%emt 1:15:00]} Qxd7
{[%emt 1:15:00]} 10. Nf3 {[%emt 1:15:00]} Qb5 {[%emt 1:14:00]} 11. Qb3 {
[%emt 1:15:00]} Qd3 {[%emt 1:05:00][%csl Ge4]} 12. e5 {[%emt 1:15:00]} (12.
Qxb7 O-O 13. Qxa8 Qxc3+) 12... O-O {[%emt 1:04:00]} (12... Qe4+ 13. Be3) 13.
Be3 {[%emt 1:15:00]} Nc6 {[%emt 1:03:00]} 14. Rd1 {[%emt 1:15:00]} Qa6 {
[%emt 1:03:00]} 15. a4 {[%emt 1:15:00]} cxd4 {[%emt 1:02:00]} 16. cxd4 {
[%emt 1:15:00]} Na5 {[%emt 0:58:00]} 17. Qb5 {[%emt 1:15:00]} Qxb5 {[%emt 0:58:
00]} 18. axb5 {[%emt 1:15:00]} Nc4 {[%emt 0:55:00]} 19. Rc1 {[%emt 1:15:00]}
Nxe3 {[%emt 0:54:00]} 20. fxe3 {[%emt 1:15:00]} Rfc8 {[%emt 0:53:00]} 21. O-O {
[%emt 1:15:00]} a6 {[%emt 0:52:00]} 22. bxa6 {[%emt 1:15:00]} bxa6 {[%emt 0:52:
00]} 23. Rxc8+ {[%emt 1:15:00]} Rxc8 {[%emt 0:52:00]} 24. Ra1 {[%emt 1:15:00]}
Ra8 {[%emt 0:52:00]} 25. Kf2 {[%emt 1:15:00]} e6 {[%emt 0:50:00]} 26. Nd2 {
[%emt 1:14:00]} f6 {[%emt 0:50:00]} 27. exf6 {[%emt 1:13:00]} Bxf6 {[%emt 0:50:
00]} 28. Kf3 {[%emt 1:13:00]} e5 {[%emt 0:49:00]} 29. dxe5 {[%emt 1:13:00]}
Bxe5 {[%emt 0:49:00]} 30. Ra2 {[%emt 1:13:00]} a5 {[%emt 0:48:00]} 31. h3 {
[%emt 1:13:00]} Kf7 {[%emt 0:46:00]} 32. Ke2 {[%emt 1:13:00]} h5 {[%emt 0:46:
00]} 33. e4 {[%emt 1:12:00] White offered a draw} Ke6 {[%emt 0:44:00]} 34. Ke3
{[%emt 1:12:00]} g5 {[%emt 0:44:00]} 35. Nb3 {[%emt 1:11:00]} Bc7 {[%emt 0:43:
00]} 36. Nd4+ {[%emt 1:10:00]} Ke5 {[%emt 0:42:00]} 37. Nb3 {[%emt 1:09:00]}
Bb6+ {[%emt 0:42:00]} 38. Kd3 {[%emt 1:09:00]} g4 {[%emt 0:39:00]} 39. hxg4 {
[%emt 1:08:00]} hxg4 {[%emt 0:39:00]} 40. Nd2 {[%emt 1:08:00]} Kf4 {[%emt 0:39:
00]} 41. Nc4 {[%emt 1:08:00]} Bc7 {[%emt 0:39:00]} 42. Re2 {[%emt 1:07:00]}
Rd8+ {[%emt 0:37:00]} 43. Kc3 {[%emt 1:07:00]} Be5+ {[%emt 0:34:00]} 44. Nxe5 {
[%emt 1:07:00]} Kxe5 {[%emt 0:34:00]} 45. Kc4 {[%emt 1:07:00]} Rd4+ {[%emt 0:
32:00]} 46. Kb5 {[%emt 1:07:00]} Rxe4 {[%emt 0:31:00]} 47. Ra2 {[%emt 1:07:00]}
a4 {[%emt 0:31:00]} 48. Kc5 {[%emt 1:07:00]} g3 {[%emt 0:28:00]} (48... Kf4)
49. Ra3 {[%emt 1:07:00]} Kf4 {[%emt 0:28:00]} 50. Kd5 {[%emt 1:07:00]} Rb4 {
[%emt 0:27:00]} 51. Rf3+ {[%emt 1:07:00]} Kg4 {[%emt 0:27:00]} 52. Ra3 {
[%emt 1:06:00]} (52. Rf8 a3 53. Rg8+ Kf4 54. Rf8+ Ke3 55. Rg8 (55. Rf3+) 55...
Kf2) (52. Ke5) 52... Rb2 {[%emt 0:25:00]} 53. Rxa4+ {[%emt 1:06:00]} Kf5 {
[%emt 0:25:00]} 54. Kd4 {[%emt 1:06:00]} Rxg2 {[%emt 0:20:00]} 55. Ke3 {
[%emt 1:06:00]} Rf2 {[%emt 0:20:00]} 56. Rb4 {[%emt 1:06:00] White offered a
draw} Rf1 {[%emt 0:19:00]} 57. Rb8 {[%emt 1:06:00]} (57. Rb2 Kg4) 57... Kg4 {
[%emt 0:19:00]} 58. Rg8+ {[%emt 1:06:00]} (58. Rh8 g2 59. Rg8+ Kh3) 58... Kh3 {
[%emt 0:19:00]} 59. Ke2 {[%emt 1:06:00]} g2 {[%emt 0:19:00]} 60. Rh8+ {[%emt 1:
06:00]} Kg3 {[%emt 0:18:00]} 61. Rg8+ {[%emt 1:06:00]} Kh2 {[%emt 0:18:00]} 62.
Rh8+ {[%emt 1:06:00]} Kg1 {[%emt 0:18:00]} 63. Rg8 {[%emt 1:06:00]} Rf5 {
[%emt 0:18:00]} (63... Rf7 64. Rh8 (64. Rg6 Re7+ 65. Kf3 (65. Kd3 Re5 66. Rg8
Kf2 67. Rf8+ Kg3 68. Rg8+ Kf3 69. Rg7 (69. Rf8+ Kg4 70. Rg8+ Rg5 71. Rxg5+ Kxg5
{[%cal Rd3e2]}) 69... Re4 (69... Rf5 70. Rg8 Kf2 71. Ke4 Rf7) 70. Rxg2) 65...
Kf1)) 64. Rg7 {[%emt 1:06:00]} Kh2 (64... Re5+ 65. Kf3 Kf1 66. Rxg2 Rf5+ 67.
Kg4 Rg5+) 65. Rh7+ {[%emt 1:06:00]} Kg3 {[%emt 0:18:00]} 66. Rg7+ {[%emt 1:06:
00]} Kh3 {[%emt 0:18:00]} 67. Rh7+ {[%emt 1:06:00]} Kg3 {[%emt 0:10:00]} (67...
Kg4 68. Rg7+ Rg5 69. Rxg5+ Kxg5 70. Kf2) 68. Rg7+ {[%emt 1:06:00]} Kh2 {
[%emt 0:10:00]} 69. Rh7+ {[%emt 1:06:00]} Kg1 {[%emt 0:10:00]} 70. Rg7 {
[%emt 1:06:00]} (70. Rh8 Re5+ 71. Kf3 Kf1 72. Rg8 g1=Q $19) 70... Rh5 {[%emt 0:
10:00]} 71. Kf3 {[%emt 1:06:00]} Rh2 {[%emt 0:10:00]} (71... Rh3+ 72. Ke2 Kh1
73. Kf2 Rh2 74. Rg6) 72. Rg8 {[%emt 1:06:00]} Kh1 {[%emt 0:10:00] White
resigned} (72... Kh1 73. Kf2 (73. Rg7 g1=Q 74. Rxg1+ Kxg1 $19) (73. Ra8 g1=Q
$19) 73... g1=Q+ 74. Kf3 Qxg8 $19) 0-1